| 000 | 00597nam a2200205 i 4500 | ||
|---|---|---|---|
| 001 | 99393 | ||
| 003 | ES-MaACL | ||
| 005 | 20250823063055.0 | ||
| 007 | t| | ||
| 008 | 050907s1986 sp ||||1| spa d | ||
| 020 | _a84-7600-053-7 | ||
| 100 | 0 |
_aMartín Santos, Luis, _d1921-1988 _977652 |
|
| 245 | 1 | 0 |
_aEncuentro en Sils-María / _cLuis Martín-Santos. |
| 260 |
_aTorrejón de Ardoz (Madrid) : _bAkal, _c1986. |
||
| 300 |
_a230 p. ; _c21 cm. |
||
| 490 | 1 |
_aNovela Akal ; _v5 |
|
| 830 | 0 | 0 |
_aNovela Akal _v5 _9184528 |
| 852 |
_aES-MaACL _jL-11119 _bR.111855 |
||
| 999 |
_c99393 _d99393 |
||